000 00902nam a22002297a 4500
999 _c5510
_d5510
003 AR-CdUCM
008 190312b ||||| |||| 00| 0 spa d
040 _aMUNICIPALIDAD PROVINCIAL DEL CUSCO
_cBIBLIOTECA MUNICIPAL DEL CUSCO
082 _a987.041 /
_bO73
100 _aOrtega, Exequiel C.
_916523
245 _aBolivar :
_by la revolución sudamericana /
260 _aBuenos Aires :
_bDepalma,
_c1973.
300 _a303 paginas ;
_c21 cm.
505 _aUna revolución gradual -- Un mundo de cambios -- Cambios en un mundo -- El nacimiento de una causa -- Factores confirmantes de un nuevo mundo -- Nacimiento y caída de una patria -- Una revolución expansiva ...
650 _aRevolución
_9844
650 _aDiversidad de América
_916524
650 _aLibertador
_911412
650 _aNuevos países
_916525
650 _aSeparatismo americano
_916526
942 _2ddc
_cLIBROS
945 _aacv